<?xml version="1.0" encoding="UTF-8"?>
<record
    xmlns:xsi="http://www.w3.org/2001/XMLSchema-instance"
    xsi:schemaLocation="http://www.loc.gov/MARC21/slim http://www.loc.gov/standards/marcxml/schema/MARC21slim.xsd"
    xmlns="http://www.loc.gov/MARC21/slim">

  <leader>00723nam a2200193Ia 4500</leader>
  <datafield tag="952" ind1=" " ind2=" ">
    <subfield code="0">0</subfield>
    <subfield code="1">0</subfield>
    <subfield code="2">ddc</subfield>
    <subfield code="4">0</subfield>
    <subfield code="7">0</subfield>
    <subfield code="a">22</subfield>
    <subfield code="b">22</subfield>
    <subfield code="d">2011-03-14</subfield>
    <subfield code="l">0</subfield>
    <subfield code="o">HD37.E7 S35 2008</subfield>
    <subfield code="p">17 001284</subfield>
    <subfield code="r">2023-08-01</subfield>
    <subfield code="t">1</subfield>
    <subfield code="w">2012-06-26</subfield>
    <subfield code="y">LB</subfield>
    <subfield code="f"></subfield>
  </datafield>
  <datafield tag="952" ind1=" " ind2=" ">
    <subfield code="0">0</subfield>
    <subfield code="1">0</subfield>
    <subfield code="4">0</subfield>
    <subfield code="7">0</subfield>
    <subfield code="a">22</subfield>
    <subfield code="b">22</subfield>
    <subfield code="d">2015-02-23</subfield>
    <subfield code="e">Promotora NARO</subfield>
    <subfield code="l">2</subfield>
    <subfield code="o">HD37.E7 S35 2008</subfield>
    <subfield code="p">17 002247</subfield>
    <subfield code="r">2016-10-29</subfield>
    <subfield code="s">2016-10-29</subfield>
    <subfield code="t">2</subfield>
    <subfield code="w">2015-02-23</subfield>
    <subfield code="y">LB</subfield>
  </datafield>
  <datafield tag="999" ind1=" " ind2=" ">
    <subfield code="c">73787</subfield>
    <subfield code="d">73787</subfield>
  </datafield>
  <controlfield tag="008">120626s99992008m  a          000 0 s   d</controlfield>
  <datafield tag="020" ind1=" " ind2=" ">
    <subfield code="a">9707370521</subfield>
  </datafield>
  <datafield tag="050" ind1=" " ind2=" ">
    <subfield code="a">HD37.E7 </subfield>
    <subfield code="b">S35 2008</subfield>
  </datafield>
  <datafield tag="100" ind1="1" ind2=" ">
    <subfield code="a">Salgado Ben&#xED;tez, Josu&#xE9;</subfield>
    <subfield code="e">autor</subfield>
  </datafield>
  <datafield tag="245" ind1=" " ind2=" ">
    <subfield code="a">Introducci&#xF3;n empresarial </subfield>
    <subfield code="c">/ Josu&#xE9; Salgado Ben&#xED;tez; S. Elena Betancourt D.</subfield>
  </datafield>
  <datafield tag="250" ind1=" " ind2=" ">
    <subfield code="a">2a. edici&#xF3;n</subfield>
  </datafield>
  <datafield tag="260" ind1=" " ind2=" ">
    <subfield code="a">M&#xE9;xico </subfield>
    <subfield code="b">:&#xC9;xodo</subfield>
    <subfield code="c">,2008</subfield>
  </datafield>
  <datafield tag="300" ind1=" " ind2=" ">
    <subfield code="a">171 p&#xE1;ginas</subfield>
    <subfield code="b">,esquemas, formatos, dibujos</subfield>
  </datafield>
  <datafield tag="519" ind1=" " ind2=" ">
    <subfield code="a">Educaci&#xF3;n Mixta /
</subfield>
    <subfield code="b">Administraci&#xF3;n / </subfield>
    <subfield code="c">T&#xF3;picos Actuales (P28-2) / </subfield>
    <subfield code="d">(17 002247)</subfield>
  </datafield>
  <datafield tag="650" ind1="1" ind2="4">
    <subfield code="a">ADMINISTRACI&#xD3;N INDUSTRIAL </subfield>
  </datafield>
  <datafield tag="650" ind1="2" ind2="4">
    <subfield code="a">EMPRESAS</subfield>
    <subfield code="x">PLANIFICACI&#xD3;N - ORGANIZACI&#xD3;N, CONTROL</subfield>
  </datafield>
  <datafield tag="700" ind1="1" ind2=" ">
    <subfield code="a">Betancourt D., S. Elena</subfield>
    <subfield code="e">coautor</subfield>
  </datafield>
  <datafield tag="942" ind1=" " ind2=" ">
    <subfield code="2">lcc</subfield>
    <subfield code="c">LB</subfield>
  </datafield>
</record>
